000 00320nam a22001217a 4500
008 251106b |||||||| |||| 00| 0 eng d
020 _aB81582703253A
100 _aEastern Book Company
245 _asocial security code, 2020
260 _aNew Delhi
_bEastern Book Company
_c2024
300 _aiv, 155 pages
942 _cC
999 _c64029
_d64029